Statystyki dla Pierwsze picki Draftu NBA (2000-2022)

Kliknij tutaj aby rozwiązać quiz!

Ogólne statystyki

  • Ten quiz został rozwiązany 156 razy
  • Średni wynik to 10 z 23

Statystyki odpowiedzi

RokZawodnik% Poprawnych
2003LeBron James
92%
2022Paolo Banchero
72%
2019Zion Williamson
69%
2020Anthony Edwards
62%
2011Kyrie Irving
56%
2021Cade Cunningham
53%
2012Anthony Davis
51%
2008Derrick Rose
51%
2016Ben Simmons
49%
2015Karl-Anthony Towns
49%
2004Dwight Howard
43%
2009Blake Griffin
41%
2018Deandre Ayton
39%
2014Andrew Wiggins
38%
2017Markelle Fultz
35%
2002Yao Ming
34%
2007Greg Oden
32%
2013Anthony Bennett
31%
2010John Wall
31%
2005Andrew Bogut
25%
2001Kwame Brown
25%
2006Andrea Bargnani
17%
2000Kenyon Martin
14%

Rozkład punktacji

Percentyl według liczby udzielonych odpowiedzi

Procent ludzi z każdym wynikiem

Twoja historia wyników

Nie rozwiązałeś tego quizu